Schaum's outlines of differential equations / (Record no. 14867)
[ view plain ]
| 000 -LEADER | |
|---|---|
| fixed length control field | 01489cam a2200349 a 4500 |
| 001 - CONTROL NUMBER | |
| control field | 14590354 |
| 005 - DATE AND TIME OF LATEST TRANSACTION | |
| control field | 20170928141830.0 |
| 008 - FIXED-LENGTH DATA ELEMENTS--GENERAL INFORMATION | |
| fixed length control field | 061011s2006 nyua 001 0 eng |
| 010 ## - LIBRARY OF CONGRESS CONTROL NUMBER | |
| LC control number | 2006284445 |
| 020 ## - INTERNATIONAL STANDARD BOOK NUMBER | |
| International Standard Book Number | 0071456872 (pbk.) |
| 040 ## - CATALOGING SOURCE | |
| Original cataloging agency | DLC |
| Transcribing agency | DLC |
| Modifying agency | DLC |
| 050 00 - LIBRARY OF CONGRESS CALL NUMBER | |
| Classification number | QA371.32 |
| Item number | .B76 2006 |
| 082 00 - DEWEY DECIMAL CLASSIFICATION NUMBER | |
| Classification number | 515/.35 |
| Edition number | 22 |
| Item number | BRO/DI |
| 100 1# - MAIN ENTRY--PERSONAL NAME | |
| Personal name | Bronson, Richard. |
| 9 (RLIN) | 2119 |
| 245 10 - TITLE STATEMENT | |
| Title | Schaum's outlines of differential equations / |
| Statement of responsibility, etc | Richard Bronson, Gabriel B. Costa. |
| 246 30 - VARYING FORM OF TITLE | |
| Title proper/short title | Differential equations |
| 250 ## - EDITION STATEMENT | |
| Edition statement | 3rd ed. |
| 260 ## - PUBLICATION, DISTRIBUTION, ETC. (IMPRINT) | |
| Place of publication, distribution, etc | New York : |
| Name of publisher, distributor, etc | McGraw-Hill, |
| Date of publication, distribution, etc | c2006. |
| 300 ## - PHYSICAL DESCRIPTION | |
| Extent | xiv, 385 p. : |
| Other physical details | ill. ; |
| Dimensions | 28 cm. |
| 490 0# - SERIES STATEMENT | |
| Series statement | Schaum's outline series |
| 500 ## - GENERAL NOTE | |
| General note | Rev. ed. of: Schaum's outline of theory and problems of differential equations. c1994. |
| 500 ## - GENERAL NOTE | |
| General note | Includes index. |
| 650 #0 - SUBJECT ADDED ENTRY--TOPICAL TERM | |
| Topical term or geographic name as entry element | Differential equations |
| Form subdivision | Outlines, syllabi, etc. |
| 9 (RLIN) | 2120 |
| 650 #0 - SUBJECT ADDED ENTRY--TOPICAL TERM | |
| Topical term or geographic name as entry element | Differential equations |
| Form subdivision | Problems, exercises, etc. |
| 9 (RLIN) | 2121 |
| 700 1# - ADDED ENTRY--PERSONAL NAME | |
| Personal name | Costa, Gabriel B. |
| 9 (RLIN) | 2122 |
| 700 1# - ADDED ENTRY--PERSONAL NAME | |
| Personal name | Bronson, Richard. |
| Title of a work | Schaum's outline of theory and problems of differential equations. |
| 9 (RLIN) | 2123 |
| 856 42 - ELECTRONIC LOCATION AND ACCESS | |
| Materials specified | Contributor biographical information |
| Uniform Resource Identifier | <a href="http://www.loc.gov/catdir/enhancements/fy0703/2006284445-b.html">http://www.loc.gov/catdir/enhancements/fy0703/2006284445-b.html</a> |
| 856 42 - ELECTRONIC LOCATION AND ACCESS | |
| Materials specified | Publisher description |
| Uniform Resource Identifier | <a href="http://www.loc.gov/catdir/enhancements/fy0703/2006284445-d.html">http://www.loc.gov/catdir/enhancements/fy0703/2006284445-d.html</a> |
| 906 ## - LOCAL DATA ELEMENT F, LDF (RLIN) | |
| a | 7 |
| b | cbc |
| c | origcop |
| d | 2 |
| e | ncip |
| f | 20 |
| g | y-gencatlg |
| 942 ## - ADDED ENTRY ELEMENTS (KOHA) | |
| Source of classification or shelving scheme | Dewey Decimal Classification |
| Koha item type | Books |
| Withdrawn status | Lost status | Damaged status | Home library | Current library | Shelving location | Date acquired | Source of acquisition | Cost, normal purchase price | Full call number | Accession Number | Koha item type |
|---|---|---|---|---|---|---|---|---|---|---|---|
| KAUAET | KAUAET | General Stacks | 30/03/2017 | Vigyan Books, Delhi | 655.00 | 515/.35 BRO/DI | 25367 | Books |
